Tracez la route de Ferdinand de Magellan sur une carte - Statistiques

Statistiques générales
  • Ce quiz a été pris 926 fois
  • Le résultat moyen est 8 sur 17
Réponses sur la Carte
Les réponses sont colorées sur une échelle allant du rouge au vert en fonction du pourcentage des utilisateurs qui les ont devinées à leur premier essai. Vous pouvez retrouver ces pourcentages ci-dessous.
 
Statistiques - réponses
Country/Territory % Correct
Espagne
99%
Brésil
88%
Argentine
87%
Iles Canaries (Espagne)
85%
Chili
54%
Philippines
43%
Kiribati
40%
Indonésie
39%
Uruguay
39%
Afrique du Sud
38%
Brunei
37%
Cap-Vert
37%
Espagne
36%
Malaisie
35%
Timor Oriental
35%
Polynésie française (France)
34%
Guam (Etats-Unis)
24%
Aucun quiz correspondant
Distribution des résultats
% des personnes avec chaque résultat
Percentile par nombre de réponses
Votre historique - résultats
Vous n’avez pas pris ce quiz